000
00316nam a2200133Ia 4500
005
20260328104331.0
008
260328s9999||||xx |||||||||||||| ||und||
100
_a
Gómez, Alfonso
245
0
_a
El Oficio deL Arquitecto /
_c
Alfonso Gómez
260
_b
A.C.F.A
300
_a
237 p.
650
_a
ARTE
942
_c
BK
999
_c
11733
_d
11733